Passion to bake: (Record no. 2325)
[ view plain ]
| 000 -LEADER | |
|---|---|
| fixed length control field | 00637nam a2200193 4500 |
| 005 - DATE AND TIME OF LATEST TRANSACTION | |
| control field | 20240920061909.0 |
| 008 - FIXED-LENGTH DATA ELEMENTS--GENERAL INFORMATION | |
| fixed length control field | 240920b |||||||| |||| 00| 0 eng d |
| 020 ## - INTERNATIONAL STANDARD BOOK NUMBER | |
| International Standard Book Number | 978-621-409-210-9 |
| 082 ## - DEWEY DECIMAL CLASSIFICATION NUMBER | |
| Classification number | Fil. 641.71 G118 2023 |
| 100 ## - MAIN ENTRY--PERSONAL NAME | |
| Personal name | Gabriel, Elvira V. |
| 245 ## - TITLE STATEMENT | |
| Title | Passion to bake: |
| Remainder of title | baking guide for beginners / |
| Statement of responsibility, etc. | Elvira V. Gabriel, Emily V. Banzel |
| 250 ## - EDITION STATEMENT | |
| Edition statement | rev. ed. |
| 260 ## - PUBLICATION, DISTRIBUTION, ETC. | |
| Place of publication, distribution, etc. | Mandaluyong City: |
| Name of publisher, distributor, etc. | Books Atbp. Publishing, |
| Date of publication, distribution, etc. | c2023 |
| 300 ## - PHYSICAL DESCRIPTION | |
| Extent | viii, 166p: |
| Other physical details | ill. |
| 504 ## - BIBLIOGRAPHY, ETC. NOTE | |
| Bibliography, etc. note | Includes bibliographical references and index |
| 541 ## - IMMEDIATE SOURCE OF ACQUISITION NOTE | |
| Accession number | 7600 c.1, 7601 c.2, 7602 c3. |
| 650 ## - SUBJECT ADDED ENTRY--TOPICAL TERM | |
| Topical term or geographic name entry element | Baking |
| 700 ## - ADDED ENTRY--PERSONAL NAME | |
| Personal name | Banzel, Emily V. |
| Relator term | author |
| Withdrawn status | Lost status | Source of classification or shelving scheme | Damaged status | Not for loan | Home library | Current library | Date acquired | Total Checkouts | Full call number | Barcode | Date due | Date last seen | Date last checked out | Copy number | Price effective from | Koha item type |
|---|---|---|---|---|---|---|---|---|---|---|---|---|---|---|---|---|
| Dewey Decimal Classification | ctu-moalboal | ctu-moalboal | 01/12/2024 | 1 | Fil. 641.71 G118 2023 | 7600 | 09/30/2025 | 09/16/2025 | 09/16/2025 | 1 | 09/20/2024 | Books-Filipiniana | ||||
| Dewey Decimal Classification | ctu-moalboal | ctu-moalboal | 01/12/2024 | 1 | Fil. 641.71 G118 2023 | 7601 | 09/30/2025 | 09/16/2025 | 09/16/2025 | 2 | 09/20/2024 | Books-Filipiniana | ||||
| Dewey Decimal Classification | ctu-moalboal | ctu-moalboal | 01/12/2024 | 1 | Fil. 641.71 G118 2023 | 7602 | 09/16/2025 | 09/16/2025 | 3 | 09/20/2024 | Books-Filipiniana |